[Event "Niederoesterreich Landesliga 0506"]
[Site "Austria"]
[Date "2005.12.18"]
[Round "8"]
[White "Wadsack, Winfried"]
[Black "Zojer, Thomas"]
[Result "1-0"]
[WhiteElo "2119"]
[BlackElo "2044"]
[PlyCount "85"]
[EventDate "2005.09.18"]
[EventType "team-tourn"]
[EventRounds "13"]
[EventCountry "AUT"]
[SourceTitle "EXT 2022"]
[Source "ChessBase"]
[SourceDate "2021.10.06"]
[SourceVersion "1"]
[SourceVersionDate "2021.10.06"]
[SourceQuality "1"]

1. e4 c5 2. c3 Nf6 3. e5 Nd5 4. d4 cxd4 5. Nf3 Nc6 6. Bc4 Nb6 7. Bb3 e6 8. cxd4 Be7 9. 0-0 d6 10. Nc3 0-0 11. Bf4 dxe5 12. dxe5 Nd7 13. Qe2 Nc5 14. Bc2 b6 15. Rfd1 Qe8 16. Rac1 Ba6 17. Qe3 Rd8 18. a3 Na5 19. Rxd8 Qxd8 20. Rd1 Qc8 21. Nd2 Nc4 22. Nxc4 Bxc4 23. b4 Bb3 24. Bxb3 Nxb3 25. Nd5 exd5 26. Qxb3 Qc4 27. Qxc4 dxc4 28. Rd7 Rd8 29. Rxd8+ Bxd8 30. Kf1 Kf8 31. Ke2 b5 32. Be3 a6 33. f4 Ke7 34. Kf3 a5 35. Ke4 axb4 36. axb4 Kd7 37. Kd5 Be7 38. Bd2 g6 39. Bc3 Bf8 40. g4 Be7 41. f5 gxf5 42. gxf5 Kc7 43. f6 1-0